| 000 | 01465cam0 2200361 ib4500 | ||
|---|---|---|---|
| 001 | BY-HR0000-br87901095 | ||
| 005 | 20250724142036.0 | ||
| 010 |
^a978-5-389-22468-1 ^dв переплете |
||
| 035 | ^a(BY-MI0003)BY-HR0000-br87901095 | ||
| 100 | ^a20241118d2023 bc y0rusy50 ca | ||
| 101 | 1 |
^arus ^cger |
|
| 102 | ^aRU | ||
| 105 | ^aa z 000ay | ||
| 109 | ^ama | ||
| 200 | 1 |
^aАварийная посадка ^e[детям до трёх лет] ^eсказочная история ^fавтор и художник Валько ^gперевод с немецкого Н. Нуровой |
|
| 210 |
^aМосква ^cМахаон ^cАзбука-аттикус ^d2023 |
||
| 215 |
^a43, [4] c. ^cцв. ил. |
||
| 225 | 1 | ^aСерия "Сказки Волшебного леса" | |
| 333 | ^a0+ | ||
| 345 | ^93000 экз. | ||
| 606 |
^aСКАЗКИ ^3BY-NLB-ar2690406 ^2DVNLB |
||
| 608 |
^aСКАЗОЧНАЯ ПОВЕСТЬ ^3BY-NLB-ar3140829 ^2BYGNR |
||
| 608 |
^aДЕТСКАЯ И ЮНОШЕСКАЯ ЛИТЕРАТУРА (художеств. произведение) ^3BY-NLB-ar9019 ^2BYGNR |
||
| 686 |
^a84(4Гем) ^2rubbk |
||
| 690 |
^a1 ^xRSEK ^2Base ^9BY-MI0003 |
||
| 700 | 1 |
^aВалько ^4070 ^4040 |
|
| 702 | 1 |
^aНурова ^bН. ^gНаталия ^4730 |
|
| 801 | 0 |
^aBY ^bBY-HR0000 ^c20241118 ^gRCR |
|
| 801 | 2 |
^aBY ^bBY-MI0003 ^c20250701 ^gRCR |
|
| 899 | 0 |
^aBY-MI0003 ^iВ 16 ^h84(4Гем) мл. |
|